Company Secretarial Practice Manual: (Record no. 181457)

MARC details
000 -LEADER
fixed length control field 00641nam a22001937a 4500
005 - DATE AND TIME OF LATEST TRANSACTION
control field 20210914170831.0
010 ## - LCCN (DPL NO)
LC control number ENG-129917
020 ## - INTERNATIONAL STANDARD BOOK NUMBER
International Standard Book Number 9789386515834
Terms of availability 3099.00
035 ## - SYSTEM CONTROL NUMBER
System control number EN-113449
037 ## - SOURCE OF ACQUISITION
Source of stock number/acquisition DBAD/PUB
082 ## - DEWEY DECIMAL CLASSIFICATION NUMBER
Classification number 346.54066
100 ## - MAIN ENTRY--PERSONAL NAME
Personal name Chandratre,K R
245 ## - TITLE STATEMENT
Title Company Secretarial Practice Manual:
Statement of responsibility, etc by K Kannan
250 ## - EDITION STATEMENT
Edition statement 12th ed.
260 ## - PUBLICATION, DISTRIBUTION, ETC. (IMPRINT)
Name of publisher, distributor, etc Lexis Nexis
Place of publication, distribution, etc India
Date of publication, distribution, etc 2019
270 ## - ADDRESS
City Gurgaon
Postal code 122002
Address 14th Floor , Building No 10, Tower-B, DLF Cyber City, phase -ll
Telephone number +91 124 4774444
Fax number +91 124 4774100
Electronic mail address help.in@lexisnexis.com
300 ## - PHYSICAL DESCRIPTION
Extent v.p.
Dimensions 25cm(hbk)
942 ## - ADDED ENTRY ELEMENTS (KOHA)
Source of classification or shelving scheme Dewey Decimal Classification
Item type English Books
Classification part 346.54066
Call number suffix CHA
Holdings
Withdrawn status Lost status Not for loan Collection code Home library Current library Date acquired Source of acquisition Cost, normal purchase price Full call number Barcode Copy number Cost, replacement price Koha item type
      Reference Central Library Central Library 14/09/2021 DBAD/PUB 3099.00 346.54066 CHA EN-113449 1 3099.00 English Books

© Delhi Public Library
Hit Counter
free hit counter